00813nam a2200205 a 4500008004100000020001800041050001600059100001600075245009600091260004900187300002200236350000900258650002100267650002000288700002300308700001800331995010900349999001700458952013200475101108s2009 ||||||||||||||||| || u a9780521709781 aT 57.95 Fre aMaule, John10aDecision behaviour, analysis and supportcby Simon French, John Maule and Nadia Papamichail aCambridge:bCambridge University Pressc2009 axxvi, 472p.: ill. a0.00 7aTECHNOLOGY2fast 0aDECISION MAKING aPapamichail, Nadia aFrench, Simon D0.00FCBU-MAIN LIBRARY (Kitwe)H1I0.00M1UAVAILABLEWDec 20, 2010ZMain Library Open Access Collection c39512d39512 00102lcc4070a001b001cMain Library Open Access Collectiond2022-11-30l0oT 57.95 Frep742188r2022-11-30w2022-11-30y002